00267nam a2200109Ia 4500008004100000041001200041082001100053100001500064245006600079260000600145650000600151221030s9999 xx 000 0 und d aEnglish a105.23 aR. H. Hall 0aOrganizaitons - Structures, Process & Outcomescby R. H. Hall c0 aB